| 000 | 00908nam a22002175i 4500 | ||
|---|---|---|---|
| 001 | 178645 | ||
| 003 | ES-MaACL | ||
| 005 | 20230906220558.0 | ||
| 008 | 110609s1970 sp ao |||| | spa d | ||
| 080 | _a616-006 | ||
| 100 | 1 |
_aVidal-Ribas Cadira, Alfonso. _9147067 |
|
| 245 | 1 | 4 |
_aLas lactodeshidrogenasas en el diagnóstico _b: neoplasias / _cresumen de la tesis presentada para aspirar al grado de doctor en medicina por Alfonso Vidal-Ribas Cadira. |
| 260 |
_aBarcelona : _bUniversidad de Barcelona, Secretariado de Publicaciones, Intercambio Científico y Extensión Universitaria : _bIvern, _c1970. |
||
| 300 |
_a24 p. : _bil. bl. y n. ; _c24 cm. |
||
| 500 | _aCub. tomada como port. | ||
| 504 | _aBibliografía: p. 23. | ||
| 650 | 0 | 4 |
_aCáncer- _xDiagnóstico. _9147068 |
| 650 | 4 |
_aTumores. _9147069 |
|
| 710 | 2 |
_aUniversidad de Barcelona. _97141 |
|
| 852 |
_aES-MaACL _jE-15361 (51) _xOlim P-1374 |
||
| 999 |
_c178645 _d178645 |
||